| 000 | 01203nam0a22002771 4500 | ||
|---|---|---|---|
| 001 | rc\3212466 | ||
| 005 | 20250530102953.0 | ||
| 035 | _a(NLR Aleph) 007359851 | ||
| 090 |
_a6296562 _c6296562 |
||
| 100 | _a20130115d1976 |||y0rusy50 ca | ||
| 101 | 0 | _arus | |
| 102 | _aRU | ||
| 105 | _ay z ||||| | ||
| 200 | 1 |
_aОптимизация некоторых процессов сельскохозяйственного производства _eМетод. рекомендации _fВсесоюз. акад. с.-х. наук им. В.И. Ленина. Сиб. отд-ние. НИИ механизации и электрификации сел. хоз-ва |
|
| 210 |
_aНовосибирск _cБ. и. _d1976 |
||
| 215 |
_a114 с. _cграф. _d20 |
||
| 300 | _aНа обороте тит. л.: подгот. к. т. н. Б.Д. Докин, инженеры В.А. Маслов, В.Ф. Бабошкин [и др.] | ||
| 320 | _aБиблиогр.: с. 106-113 | ||
| 702 | 1 |
_aМаслов _bВ.А. _4570 |
|
| 702 | 1 |
_aДокин _bВ.Д. _4570 |
|
| 702 | 1 |
_aБабошкин _bВ.Ф. _4570 |
|
| 801 | 0 |
_aRU _bNLR _gpsbo |
|
| 801 | 1 |
_aRU _bELAR _2rusmarc |
|
| 852 |
_aNLR _j76-3/7867 |
||
| 942 | _cBOOK | ||
| 980 | _aNB | ||